Principles of instructional design
保存先:
| 主要な著者: | , |
|---|---|
| フォーマット: | 図書 |
| 言語: | 英語 |
| 出版事項: |
Tallahassee
Holt, Rinehart and Winston
1979
|
| 版: | 2a. ed |
| 主題: | |
| タグ: |
タグ追加
タグなし, このレコードへの初めてのタグを付けませんか!
|
MARC
| LEADER | 00000nam a2200000 a 4500 | ||
|---|---|---|---|
| 001 | UCT0318 | ||
| 003 | CL-VaPUC | ||
| 008 | 960830e19790000US |||||||||||||||||eng|d | ||
| 082 | 0 | 4 | |a 371.3 |b GAG |2 21 |
| 100 | |a Gagné, Robert Mills |e author |9 373047 | ||
| 700 | 0 | |a Briggs, Leslie J |e author |9 368955 | |
| 245 | 1 | 0 | |a Principles of instructional design |
| 250 | |a 2a. ed | ||
| 300 | |a 321 p | ||
| 942 | |c BK | ||
| 945 | |d 19960830 00:00:00 |a rleighto | ||
| 260 | |a Tallahassee |b Holt, Rinehart and Winston |c 1979 | ||
| 650 | 0 | |a Psicología educacional |9 307830 | |
| 650 | 0 | |a Planificación de la educación |9 307333 | |
| 650 | 7 | |a SISTEMAS DE ENSEÑANZA |2 CL-VaPUC |9 328381 | |
| 650 | 7 | |a ENSEÑANZA INDIVIDUALIZADA |2 CL-VaPUC |9 307241 | |
| 650 | 0 | |a Evaluación de la educación |9 237505 | |
| 583 | |a last modification |c 20160928 12:58:24 |k Rodrigo Vera | ||
| 999 | |c 251350 |d 251348 | ||
| 952 | |0 0 |1 0 |4 0 |6 371_300000000000000_GAG_1979 |7 0 |8 P |9 270457 |a BIBEDU |b BIBEDU |c BIBEDU_PB |d 2019-11-19 |i 3225909 |o 371.3 GAG 1979 |p 3225909 |r 2024-01-25 |w 2019-11-19 |y BK |k EDU | ||